Teaching religion and healing

Αποθηκεύτηκε σε:
Λεπτομέρειες βιβλιογραφικής εγγραφής
Συγγραφή απο Οργανισμό/Αρχή: American Academy of Religion
Άλλοι συγγραφείς: Barnes, Linda L. (Επιμελητής έκδοσης), Talamantez, Ines (Επιμελητής έκδοσης)
Μορφή: Βιβλίο
Γλώσσα:English
Δημοσίευση: Oxford : Oxford University Press,, 2006
Σειρά:AAR teaching religious studies
Θέματα:
Ετικέτες: Προσθήκη ετικέτας
Δεν υπάρχουν, Καταχωρήστε ετικέτα πρώτοι!

MARC

LEADER 00000nam a2200000 i 4500
001 1/89163
008 080619s2006 eng d
020 |a 978-0-19-517644-5 (pbk.) 
020 |a 0-19-517644-8 (pbk.) 
035 |l 10098297 
040 |a GR-MY-UA  |b gre  |e aacr 
041 0 |a eng 
082 0 |a 203.1071  |2 (22) 
245 1 0 |a Teaching religion and healing /  |c edited by Linda L. Barnes, Ines Talamantez ; American Academy of Religion 
260 |a Oxford :   |b Oxford University Press,,   |c 2006 
300 |a xvii, 386 σ.;  |c 24 εκ. 
490 1 |a AAR teaching religious studies series 
504 |a Βιβλιογραφία: σ. [353]-378 
504 |a Ευρετήριο: σ. [379]-386 
650 0 0 |a Religion  |x Study and teaching. 
650 0 0 |a Medicine  |x Religious aspects  |x Study and teaching. 
650 0 0 |a Spiritual healing  |x Study and teaching. 
700 1 |a Barnes, Linda L.  |4 edt 
700 1 |a Talamantez, Ines.  |4 edt 
710 2 |a American Academy of Religion. 
830 0 |a AAR teaching religious studies 
852 |a INST  |b LESVOS  |e 20080619  |h 203.1071 TEA  |p 005100041646  |q 005100041646  |t BK  |y 0 
901 |a BIBL1-2008-2 
909 |a Λ  |b 151665 
922 |a 1ΕΛΗ  |b 200803  |c ΕΠΕΑΕΚ2/ΤΚΑ  |d ΠΑΠΑΣΩΤΗΡΙΟΥ 
970 |a ΚΑΡΑ  |b ΓΙΑΣΕΜΗ  |z 2008/06/19